header

Learning for development (Record no. 209022)

MARC details
000 -LEADER
fixed length control field 01362nam a2200349Ia 4500
100 1# - MAIN ENTRY--AUTHOR NAME
Personal name Johnson, Hazel.
245 10 - TITLE STATEMENT
Title Learning for development
260 ## - PUBLICATION, DISTRIBUTION, ETC. (IMPRINT)
Place of publication London ;
-- New York :
Name of publisher Zed ;
Place of publication New York :
Name of publisher Distributed in the USA by Palgrave Macmillan,
Year of publication c2009.
300 ## - PHYSICAL DESCRIPTION
Number of Pages 152 p.
490 1# - SERIES STATEMENT
Series statement Development matters
650 #0 - SUBJECT ADDED ENTRY--TOPICAL TERM
Topical Term Economic development
Topical Term Economic policy.
700 1# - ADDED ENTRY--PERSONAL NAME
Personal name Wilson, Gordon,
856 40 - ELECTRONIC LOCATION AND ACCESS
Uniform Resource Identifier http://site.ebrary.com/lib/rucke/Doc?id=10359437

No items available.

© 2026 Rongo University
Contact us: librarian | system librarian | Rongo university